00567 2200217 4500001002100000005001500021008004100036020002200077035001900099041000700118082001000125090001600135100001700151700001900168245003200187260002800219300002700247990002500274990002500299990002500324INLIS00000000002534320241224131917241224||||||||| | ||| |||| || |  a978-602-366-196-1 0010-1224025343 aid0 a741.5 a741.5 LIA i0 aLia Herliana0 aTim InnerChild00aImam yang Bertanggung Jawab aSolobTiga Anandac2016 a36 hlm. : ill. ; 20 cm a05.17.01.01.010.0283 a05.17.01.01.010.0285 a05.17.01.01.010.0284